Nuevas herramientas procesales. III /

Guardado en:
Otros Autores: Fernández Balbis, Amalia, (coord.)
Formato: Libro
Idioma:Spanish
Publicado: Santa Fe : Rubinzal Culzoni, 2015.
Edición:1a. ed.
Materias:
Etiquetas: Agregar Etiqueta
Sin Etiquetas, Sea el primero en etiquetar este registro!
LEADER 00588nam a22001695a 4500
001 DER.der015272
008 250813s2015####ag############000#0#spa#d
005 20250813163623.0
245 1 0 |a Nuevas herramientas procesales.  |n III /  |c dirigido por Jorge W. Peyrano ; coordinado por Amalia Fernández Balbis. 
250 |a 1a. ed. 
260 |a Santa Fe :  |b Rubinzal Culzoni,  |c 2015. 
300 |a 813 p. 
020 |a 9789873005787 
100 1 |a Peyrano, Jorge W.,  |e dir. 
700 1 |a Fernández Balbis, Amalia,  |e coord. 
650 7 |a DERECHO PROCESAL CIVIL 
859 |a DERECHO  |b BIB. DERECHO  |h 347.05  |i PEY  |p 009542  |3 III